Capitals - Missing Letters 2 - Statistics

General Stats
  • This quiz has been taken 53 times
  • The average score is 12 of 20
Answer Stats
Hint Capital % Correct
A***ns Athens
93%
C***e*ra Canberra
83%
*a*aca* Caracas
74%
**b*t Rabat
74%
*m*t**d** Amsterdam
71%
**lo Oslo
71%
*ell***t** Wellington
71%
D**o*a Dodoma
67%
*t*aw* Ottawa
67%
G**e*a Gitega
62%
*ar** Paris
62%
L***d* Luanda
57%
M**s* Minsk
57%
P**n**an* Pyongyang
52%
**k**a Ankara
43%
*on**o Monaco
33%
*ra*u* Prague
33%
*an**ag* Santiago
33%
**g**ig*l*a Tegucigalpa
31%
*i**n* Vienna
14%
No matching quizzes found
Score Distribution
Percent of People with Each Score
Percentile by Number Answered
Your Score History
You have not taken this quiz